Verejná výskumná inštitúcia ako nový typ právnickej osoby

Vymedzenie pojmu právnická osoba podľa Občianského zákonníka. Návrh zákona o verejnej výskumnej inštitúcii.

Guardado en:
Detalles Bibliográficos
Autor principal: Magurová, Zuzana
Formato: Capítulo de libro
Lenguaje:eslovaco
Materias:
Etiquetas: Agregar Etiqueta
Sin Etiquetas, Sea el primero en etiquetar este registro!

MARC

LEADER 00000naa a2200000 4500
001 0235784
005 20220719123837.2
041 0 |a slo 
044 |a SK 
245 1 0 |a Verejná výskumná inštitúcia ako nový typ právnickej osoby  |c Zuzana Magurová 
520 |a Vymedzenie pojmu právnická osoba podľa Občianského zákonníka. Návrh zákona o verejnej výskumnej inštitúcii. 
610 2 0 |a inštitúcie verejnoprávne 
610 2 0 |a osoby právnické 
610 2 0 |a zákonník občiansky 
610 2 0 |a výskum 
100 1 |a Magurová, Zuzana